Na ceste do Európskej únie : Sprievodca nielen pre ženy

Gespeichert in:
Bibliographische Detailangaben
Format: Buch
Sprache:Slowakisch
Veröffentlicht: Bratislava : Aspekt, 2002
Tags: Tag hinzufügen
Keine Tags, Fügen Sie das erste Tag hinzu!

MARC

LEADER 00000nam a22000003a 4500
001 stu81920
005 20150408161506.3
008 030929s2002----xo------------------slo-d
020 |a 80-85549-39-5 
040 |a STU  |b slo 
041 0 |a slo 
044 |a xo 
080 |a 32 
080 |a 342.7 
245 |a Na ceste do Európskej únie :  |b Sprievodca nielen pre ženy 
260 |a Bratislava :  |b Aspekt,  |c 2002 
300 |a 125 s 
996 |b 284V011829  |c V*8870/K-1940  |l VVT  |s A  |a 24  |w stu81920_0001